00508nam a2200109Ia 4500008004100000050002200041100002300063245018500086260008700271300002800358521001200386140724s9999 xx 000 0 und d aRT 90b.C371 2010 aCaubalejo, Zarina. 4aThe difference of learning outcomes in selected Southville International School and Colleges BS nursing students following uninterrupted and broken-up lectures /cZarina Caubalejo. aLas Piñas, Philippines :bSouthville International School and Colleges,cc2010.  a80 p. :bill. ;c28 cm. aNursing